000 01224nam a22002777a 4500
005 2008112804184.0
008 081128t xxu||||| |||| 00| 0 hin d
010 _aHIN-85255
020 _a817487548
_c500.00
035 _aHN-57601
037 _bDBAD / PUB
040 _aDPL
_bHN
082 _a784.1885
100 _aगीता रघुवीर
245 _aकथक में कवित्त /
_cगीता रघुवीर
246 _aKathak men kavitta
_bby Gita Raghuveer
260 _aनई दिल्ली
_bराधा पब्लिकेशन
_c2007
270 _a4231/1,अंसारी रोड, दरियागंज
_bनई दिल्ली
_e110 स002
_k23247003, 23254306
300 _a230पृ.
_c21सेमी(सजिल्द)
650 _aनृत्य संगीत
_zभारत
650 _aDance music
_zIndia
650 _aकथक ( नृत्य )
650 _aKathak ( Dance )
942 _2ddc
_cHN
_h784.1885
_mगीतार
999 _c19268
_d19268